|
|
|
|
| LEADER |
00000nam0a2200000 4500 |
| 001 |
312663 |
| 005 |
20231102002515.0 |
| 020 |
|
|
|a RU
|b 82-24854
|
| 035 |
|
|
|a (RuTPU)RU\TPU\book\338033
|
| 090 |
|
|
|a 312663
|
| 100 |
|
|
|a 20151225d1981 km y0rusy5003 ca
|
| 101 |
0 |
|
|a rus
|
| 102 |
|
|
|a UA
|
| 105 |
|
|
|a y z 001zy
|
| 200 |
1 |
|
|a Асимптотические методы в теории линейных дифференциальных уравнений с отклоняющимся аргументом
|f С. Ф. Фещенко [и др.]
|g Академия наук Украинской ССР (АН УССР), Институт математики ; Киевский государственный педагогический институт (КГПИ)
|
| 210 |
|
|
|a Киев
|c Наукова думка
|d 1981
|
| 215 |
|
|
|a 296 с.
|
| 320 |
|
|
|a Библиогр.: с. 285-292
|
| 606 |
1 |
|
|a Дифференциальные уравнения
|x Решение
|x Асимптотические методы
|2 stltpush
|3 (RuTPU)RU\TPU\subj\9700
|9 36881
|
| 610 |
1 |
|
|a дифференциальные уравнения с октклоняющимся аргументом линейные
|
| 610 |
1 |
|
|a системы линейных дифференциальных уравнений
|
| 610 |
1 |
|
|a асимптотика
|
| 610 |
1 |
|
|a асимптотические разложения
|
| 610 |
1 |
|
|a уравнения с частными производными
|
| 610 |
1 |
|
|a интегро-дифференциальные уравнения
|
| 675 |
|
|
|a 517.928
|z rus
|v 3
|
| 701 |
|
1 |
|a Фещенко
|b С. Ф.
|g Степан Федорович
|
| 701 |
|
1 |
|a Шкиль
|b Н. И.
|g Николай Иванович
|
| 701 |
|
1 |
|a Пидченко
|b Ю. П.
|g Юрий Петрович
|
| 701 |
|
1 |
|a Сотниченко
|b Н. А.
|g Николай Адамович
|
| 712 |
0 |
2 |
|a Академия наук Украинской ССР (АН УССР)
|b Институт математики
|2 stltpush
|3 (RuTPU)RU\TPU\col\11281
|
| 712 |
0 |
2 |
|a Киевский государственный педагогический институт (КГПИ)
|c (1933-1993)
|2 stltpush
|3 (RuTPU)RU\TPU\col\11800
|
| 801 |
|
0 |
|a RU
|b RuMRKP
|c 19950704
|g psbo
|
| 801 |
|
1 |
|a RU
|b 63413507
|c 20151225
|
| 801 |
|
2 |
|a RU
|b 63413507
|c 20191118
|g RCR
|
| 942 |
|
|
|c BK
|